000 003070000a22001090004500
090 _aAS
_bSeriadas
245 1 0 _aNotes on Zamia in the colombian Amazonia
041 0 _aInglés
100 1 _aSchultes, Richard Evans
_93656
942 _cARTICULO
773 1 _tMutisia: Acta Botánica Colombiana
_3893
_h15
_q1-6
_d1953
999 _c15315
_d15315